1921 1767 1786 1722 1193 1345 1620 1263 1081 1405 1807 1477 1417 1748 1036 1432 1965 1003 1747 1151 1033 1476 1912 1986 1328 1442 1887 1295 1825 1814 1078 1818 1445 1793 1546 1133 1440 1233 1348 1345 1610 1811 1707 1800 1148 1391 1860 1269 1029 1498 1004 1153 1240 1796 1606 1264 1930 1713 1181 1166 1126 1556 1767 1292 1888 1370 1421 1336 1911 1249 1274 1733 1588 1840 1959 1098 1563 1071 1480 1124 1153 1259 1018 1235 1728 1446 1997 1206 1625 1353 1050 1668 1106 1944 1102 1955 1563 1830 1811 BCNSPRNW ULIB Ver.6.0+V

เปลี่ยนเป็นภาษาไทย

Change to English
 แสดงรายละเอียดบรรณานุกรม
  กลับหน้าหลัก

Brief Record : Get Marc (ISO 2709) : E-mail record : QR code < ปิดหน้าต่าง
LEADER : 00000nam 2200000uu 4500
001    13399127421
003     ULIB
008    200520s2562||||th 000 0 tha d
020    ู^a9786163883834
050  0 ^aนว^bว321ส
100    ^aวราภา
245    ^aสะพานสายรุ้ง
250    ^aพิมพ์ครั้งที่ 2
260    ^aกรุงเทพฯ :^bแสงดาว,^c2562
300    ^a456 หน้า;^b21 ซม.
650    ^aนวนิยาย
945    ^p370^l0^i007095
999    ^aประนอม เกษจรัล
รายการนี้ยังไม่มีแท็ก
คุณยังไม่ได้ล็อกอิน คุณสามารถมีกิจกรรมร่วมกับเว็บไซต์ได้ แต่ต้องล็อกอินก่อน ::
  ล็อกอิน

รายการสื่อสารสนเทศ

ลำดับที่ ประเภท เลขเรียก/บาร์โค้ด สถานที่ สถานะ
1. นวนิยาย
นวนิยาย
นว ว321ส ฉ.1 
  Barcode: 007095
ห้องสมุดวิทยาเขตสวรรค์ประชารักษ์
►หนังสือทั่วไป
บนชั้น

รายการใกล้เคียง
    ชื่อเรื่อง [สะพานสายรุ้ง]

    ผู้แต่ง [วราภา]

    หัวเรื่อง [นวนิยาย]

BibComment


ยังไม่เคยถูกคอมเมนท์

คอมเมนท์ทรัพยากรรายการนี้
  คอมเมนท์: สะพานสายรุ้ง


 Copyright 2026. Bcnsprnw @Library